01628aam a2200481 450000500170000000800410001702000180005804100080007608200170008410000240010110000320012524500280015725000160018526000130020126000210021426000090023530000190024450503020026365000240056565000140058965000280060365000290063165000130066065000180067365000270069165000220071865000280074065000390076865000240080765000240083165000240085565000290087965000120090865000270092065000270094765000310097465000260100565000300103165000250106194200120108699900150109895200330111320260218122945.0150625b2012 xxu||||| |||| 00| 0 spa d a9786074817140 aESP a658.8 F383e5 aFerrel, O.C.926290 aHartline, Michael D.926291 aEstrategia de marketing a5 edición aMéxico bCengage Learning c2012 a744 páginas  aParte I. Preparando el escenario para la estrategia de marketing. Parte II. Descubriendo las oportunidades del mercado. Parte III. Desarrollando la estrategia de marketing. Parte IV. Poniendo la estrategia en acción. Parte V. Casos. Parte VI. Herramientas para desarrollar el plan de marketing.  aGERENCIA DE MERCADO aMARKETING aESTRATEGIA DE MARKETING aPLANEACIÓN ESTRATEGICA aCLIENTES aMERCADOS META aESTRATEGIA DE PRODUCTO aPLAN DE MARKETING aMISIÓN ORGANIZACIONAL aPLANEACIÓN ESTRATEGIA BALANCEADA aENTORNO DEL CLIENTE aVENTAJA COMPETITIVA aENFOQUE ESTRATEGICO aDESEMPEÑO DE MARKETING aÉTICA aRESPONSABILIDAD SOCIAL aOPORTUNIDAD DE MERCADO aSEGMENTACIÓN DE MERCADOS aFIJACIÓN DE PRECIOS aCOMUNICACIONES INTEGRADAS aCONTROL DE MARKETING cBK2ddc c3078d3078 o658.8 F383e5p17819xDAEyBK